Evaluation - Statistiques

Statistiques générales
  • Ce quiz a été pris 69 fois
  • Le résultat moyen est 25 sur 46
Réponses sur la Carte
Les réponses sont colorées sur une échelle allant du rouge au vert en fonction du pourcentage des utilisateurs qui les ont devinées à leur premier essai. Vous pouvez retrouver ces pourcentages ci-dessous.
 
Statistiques - réponses
Réponse % Correct
Venise
79%
Madrid
76%
Hispaniola
72%
Lisbonne
72%
Cuba
69%
Macao
69%
Pékin
69%
Rio de Janeiro
69%
Cap Vert
66%
Cuzco
66%
Panama
66%
Constantinople
62%
Lima
62%
Manille
62%
Séville
62%
Açores
59%
Floride
59%
Nagasaki
59%
Tolède
59%
Acapulco
55%
Bahia
55%
Ceuta
55%
Goa
55%
Le Caire
55%
Malacca
55%
Ormuz
55%
Potosi
55%
Tenochtitlan
55%
Canaries
48%
Grenade
48%
La Mecque
48%
Moluques
48%
Bagdad
45%
Calicut
45%
Cochin
45%
Récife
45%
Sao Tomé
45%
Zanzibar
45%
Ceylan
41%
Aden
38%
Alger
38%
Cadix
38%
Mozambique
34%
Veracruz
34%
Sao Jorge da Mina
28%
Sofala
24%
Aucun quiz correspondant
Distribution des résultats
% des personnes avec chaque résultat
Percentile par nombre de réponses
Votre historique - résultats
Vous n’avez pas pris ce quiz